<?xml version="1.0" encoding="UTF-8"?>
<record
    xmlns:xsi="http://www.w3.org/2001/XMLSchema-instance"
    xsi:schemaLocation="http://www.loc.gov/MARC21/slim http://www.loc.gov/standards/marcxml/schema/MARC21slim.xsd"
    xmlns="http://www.loc.gov/MARC21/slim">

  <leader>01489nam a2200361Ia 4500</leader>
  <controlfield tag="001">Z_6479</controlfield>
  <controlfield tag="003">CHAP</controlfield>
  <controlfield tag="008">220113s2008    xx            000 0 und d</controlfield>
  <datafield tag="010" ind1=" " ind2=" ">
    <subfield code="a">169745</subfield>
  </datafield>
  <datafield tag="020" ind1=" " ind2=" ">
    <subfield code="a">978-980-6863-05-7</subfield>
  </datafield>
  <datafield tag="040" ind1=" " ind2=" ">
    <subfield code="c">CHAP</subfield>
  </datafield>
  <datafield tag="082" ind1=" " ind2=" ">
    <subfield code="a">636.088 D47</subfield>
  </datafield>
  <datafield tag="245" ind1=" " ind2=" ">
    <subfield code="a">Desarrollo sostenible de la ganader&#xED;a doble prop&#xF3;sito  /</subfield>
    <subfield code="c">editores Carlos Gonz&#xE1;lez Stagnaro, Ninoska Madrid Bury y Eleazar Soto Belloso; pr&#xF3;logo Luc&#xED;a Pearson de Vaccaro</subfield>
  </datafield>
  <datafield tag="260" ind1=" " ind2=" ">
    <subfield code="a">Venezuela  :</subfield>
    <subfield code="b">Fundaci&#xF3;n GIRARZ (Grupo de Investigadores de la Reproducci&#xF3;n Animal en la Regi&#xF3;n Zuliana),</subfield>
    <subfield code="c">2008</subfield>
  </datafield>
  <datafield tag="300" ind1=" " ind2=" ">
    <subfield code="a">941 p.</subfield>
  </datafield>
  <datafield tag="500" ind1=" " ind2=" ">
    <subfield code="a">Presentado con motivo de la realizaci&#xF3;n del "IV Curso Internacional de Ganader&#xED;a Doble Prop&#xF3;sito, en la Ciudad de Maracaibo (estado de Zulia, Venezuela), del 1&#xB0; de mayo de 2008"</subfield>
  </datafield>
  <datafield tag="503" ind1=" " ind2=" ">
    <subfield code="a">ej.1: donaci&#xF3;n del M.C. Hermilo Su&#xE1;rez Dom&#xED;nguez</subfield>
  </datafield>
  <datafield tag="504" ind1=" " ind2=" ">
    <subfield code="a">Incluye bibliograf&#xED;a e &#xED;ndice</subfield>
  </datafield>
  <datafield tag="650" ind1=" " ind2=" ">
    <subfield code="a">Ganader&#xED;a </subfield>
    <subfield code="x"></subfield>
    <subfield code="x"> Aspectos econ&#xF3;micos</subfield>
    <subfield code="9">144665</subfield>
  </datafield>
  <datafield tag="650" ind1=" " ind2=" ">
    <subfield code="a">Ganader&#xED;a </subfield>
    <subfield code="x"></subfield>
    <subfield code="x"> Pol&#xED;tica y programas</subfield>
    <subfield code="9">144900</subfield>
  </datafield>
  <datafield tag="650" ind1=" " ind2=" ">
    <subfield code="a">Ganado de carne </subfield>
    <subfield code="x"></subfield>
    <subfield code="x"> Producci&#xF3;n</subfield>
    <subfield code="9">144901</subfield>
  </datafield>
  <datafield tag="650" ind1=" " ind2=" ">
    <subfield code="a">Ganado lechero </subfield>
    <subfield code="x"></subfield>
    <subfield code="x"> Producci&#xF3;n</subfield>
    <subfield code="9">144873</subfield>
  </datafield>
  <datafield tag="700" ind1=" " ind2=" ">
    <subfield code="a"> Madrid Bury, Ninoska, ed. </subfield>
    <subfield code="9">144902</subfield>
  </datafield>
  <datafield tag="700" ind1=" " ind2=" ">
    <subfield code="a"> Pearson de Vaccaro, Luc&#xED;a, pr&#xF3;l.</subfield>
    <subfield code="9">144903</subfield>
  </datafield>
  <datafield tag="700" ind1=" " ind2=" ">
    <subfield code="a"> Soto Belloso, Eleazar, ed. </subfield>
    <subfield code="9">144904</subfield>
  </datafield>
  <datafield tag="700" ind1=" " ind2=" ">
    <subfield code="a">Gonz&#xE1;lez Stagnaro, Carlos, ed. </subfield>
    <subfield code="9">144905</subfield>
  </datafield>
  <datafield tag="901" ind1=" " ind2=" ">
    <subfield code="a">636.088 D47</subfield>
  </datafield>
  <datafield tag="902" ind1=" " ind2=" ">
    <subfield code="a">M</subfield>
  </datafield>
  <datafield tag="910" ind1=" " ind2=" ">
    <subfield code="a">2008</subfield>
  </datafield>
  <datafield tag="942" ind1=" " ind2=" ">
    <subfield code="c">1</subfield>
  </datafield>
  <datafield tag="942" ind1=" " ind2=" ">
    <subfield code="c">c1</subfield>
  </datafield>
  <datafield tag="999" ind1=" " ind2=" ">
    <subfield code="c">169745</subfield>
    <subfield code="d">169745</subfield>
  </datafield>
  <datafield tag="952" ind1=" " ind2=" ">
    <subfield code="0">0</subfield>
    <subfield code="1">0</subfield>
    <subfield code="2">ddc</subfield>
    <subfield code="4">0</subfield>
    <subfield code="7">0</subfield>
    <subfield code="8">GRAL</subfield>
    <subfield code="a">Z</subfield>
    <subfield code="b">Z</subfield>
    <subfield code="c">1</subfield>
    <subfield code="d">2014-10-06</subfield>
    <subfield code="l">1</subfield>
    <subfield code="p">z_6363</subfield>
    <subfield code="r">2024-10-07 19:28:04</subfield>
    <subfield code="s">2024-10-07</subfield>
    <subfield code="t">1</subfield>
    <subfield code="w">2022-01-18</subfield>
    <subfield code="y">LIBRO</subfield>
  </datafield>
</record>
